| 000 | 00522nam a22001577a 4500 | ||
|---|---|---|---|
| 999 |
_c11910 _d11910 |
||
| 008 | 190111b ||||| |||| 00| 0 eng d | ||
| 020 | _a971-542-288-8 | ||
| 082 |
_22001 _aDFil 899.211 _bP53 |
||
| 245 |
_aThe Unkind Son (Bicol)/ _cDamiana Eugenio [Compiler and Editor] |
||
| 260 |
_aQuezon City: _bUP Press; _cc2001 |
||
| 300 |
_aPage 271-272; _c23 cm. |
||
| 500 | _aPhilippine folk literature: The folk tales | ||
| 650 |
_aFolklore _933870 |
||
| 650 |
_aPhilippine folk literature--Collections _933871 |
||
| 942 |
_2ddc _cDFIL |
||